000 00654nam a22002057a 4500
005 20251108170956.0
008 250721s1994 xx 000 0 ara d
082 1 4 _aط/ 597
100 1 _aمهدي، شفيق
245 1 0 _aأسماك خطرة /
264 1 _aبيروت :
_bالمؤسسة العربية للدراسات و النشر،
_c1994.
300 _a16ص : مص
490 0 _aموسوعة الحيوان
650 1 7 _aالأسماك (حيوان)
650 1 7 _aالأسماك الضارة
653 _aأطفال مرحلة متوسطة (6-9 سنوات)
700 1 _aشوقي، مهدي
_eCart.
942 _2ddc
_cBK
999 _c53446
_d53446